| 000 | 01149nas a2200397 4500 | ||
|---|---|---|---|
| 001 | BR0804398 | ||
| 003 | BR-BrBNA | ||
| 005 | 20231205111845.0 | ||
| 007 | ta | ||
| 008 | 230509b bl.|||p| |||| 00| 00por d | ||
| 040 |
_aBR-BrBNA _bpor _cBiblioteca Nacional de Agricultura |
||
| 041 | _a(Pt) | ||
| 072 | _aL60; P01; F40 | ||
| 100 | 1 | _aReis, N.R. dos | |
| 100 | 1 | _aPeracchi, A.L. | |
| 100 | 1 | _aSekiama, M.L. | |
| 245 | 1 | _aMorcegos da Fazenda Monte Alegre, Talêmaco Borba, Paraná (Mammalia, Chiroptera) | |
| 650 | _aPARANÁ | ||
| 650 | _aPARQUE NACIONAL | ||
| 650 | _aECOSSISTEMA | ||
| 650 | _aTAXONOMIA ANIMAL | ||
| 650 | _aMORCEGO | ||
| 650 | _aMAMÍFERO | ||
| 650 | _aBIODIVERSIDADE | ||
| 650 | _aFAUNA | ||
| 650 | _aFLORA | ||
| 650 | _aPINHEIRO-DO-PARANA | ||
| 650 | _aARAUCÁRIA ANGUSTIFOLIA | ||
| 650 | _aFLORESTA PRIMÁRIA | ||
| 650 | _aFLORESTA SECUNDÁRIA | ||
| 650 | _aCLIMATIZAÇÃO | ||
| 650 | _aMÉTODO DE PESQUISA | ||
| 773 | 0 |
_tRevista Brasileira de Zoologia (Brazil) _xISSN 0101-8175 _g(Jun 1999), v.16(2); p. 501-505 _wBR0804398 |
|
| 909 |
_a202311 _bLúcia _c55 _dLúcia Elande |
||
| 942 |
_2AGRIS _n0 _cANA |
||
| 999 |
_c194825 _d194825 |
||